| 000 | 00862nam a2200205Ia 4500 | ||
|---|---|---|---|
| 003 | GCL | ||
| 008 | 140319s9999 xx 000 0 ara d | ||
| 040 |
_aGCL / _cGCL |
||
| 082 | 0 | 4 |
_a227 _bق ج |
| 100 | 1 | _aالقرطبى : شمس الدين ابوعبدالله محمد بن احمد بن ابى بكر بن فرح الخزرجى الاندلسى | |
| 245 | 1 | 0 |
_aالجامع لأحكام القران / _cالقرطبى : شمس الدين ابوعبدالله محمد بن احمد بن ابى بكر بن فرح الخزرجى الاندلسى |
| 250 | _aالاولى | ||
| 260 |
_aبيروت : _bدار الكتب العلمية ، _c1988 |
||
| 300 |
_a20 جزء فى 10 مج ؛ _c30 سم |
||
| 490 | _a | ||
| 650 | 0 | 4 | _aالقران - اسباب النزول |
| 650 | 0 | 4 | _aالقران |
| 650 | 0 | 4 | _aالقران - تفاسير |
| 942 |
_2ddc _cBK |
||
| 999 |
_c54484 _d54484 |
||